Rozpoznaj kiepsko narysowane państwa - Statystyki

Ogólne statystyki
  • Ten quiz został rozwiązany 20 razy
  • Średni wynik to 9 z 15
Statystyki odpowiedzi
Obrazkowy Odpowiedź % Poprawnych
Włochy
100%
Hiszpania
95%
Rosja
84%
Somalia
84%
Madagaskar
74%
Szwajcaria
74%
Filipiny
68%
Grecja
68%
Czechy
58%
Peru
58%
Bhutan
47%
Izrael
47%
Korea Północna
16%
Kolumbia
11%
Tadżykistan
11%
Nie znaleziono quizów pasujących do podanych kryteriów
Rozkład punktacji
Procent ludzi z każdym wynikiem
Percentyl według liczby udzielonych odpowiedzi
Twoja historia wyników
Nie rozwiązałeś tego quizu